000 00464pab a2200169 454500
008 180718b2004 xxu||||| |||| 00| 0 eng d
100 _aSapkota, Chandra Raj
245 _aInstitutions and network of Ayurveda in Nepal
260 _c2004
300 _ap.55-60.
362 _aJan-Dec
650 _aAyurveda - Nepal
650 _aTraditional medicine - Nepal
650 _aTraditional medicine
773 _aIndian Journal of Nepalese Studies
909 _a64038
999 _c64038
_d64038